<?xml version="1.0" encoding="UTF-8"?>
<marc:record xmlns:marc="http://www.loc.gov/MARC21/slim">
   <marc:leader>00000nam a2200000 a 4500</marc:leader>
   <marc:datafield ind1="1" ind2=" " tag="100">
      <marc:subfield code="a">Carbone</marc:subfield>
      <marc:subfield code="4">aut</marc:subfield>
      <marc:subfield code="e">Verfasser/-in</marc:subfield>
   </marc:datafield>
   <marc:datafield ind1="0" ind2="0" tag="245">
      <marc:subfield code="a">Die magische Spieluhr. Band 2</marc:subfield>
   </marc:datafield>
   <marc:datafield ind1="0" ind2="0" tag="245">
      <marc:subfield code="b">Cyprians Geheimnis</marc:subfield>
   </marc:datafield>
   <marc:datafield ind1="0" ind2="0" tag="245">
      <marc:subfield code="c">Carbone</marc:subfield>
   </marc:datafield>
   <marc:datafield ind1=" " ind2="1" tag="264">
      <marc:subfield code="a">Bielefeld</marc:subfield>
      <marc:subfield code="b">Splitter-Verlag</marc:subfield>
      <marc:subfield code="c">2020</marc:subfield>
   </marc:datafield>
   <marc:datafield ind1="1" ind2=" " tag="490">
      <marc:subfield code="a">Die magische Spieluhr</marc:subfield>
      <marc:subfield code="v">2</marc:subfield>
   </marc:datafield>
   <marc:datafield ind1=" " ind2=" " tag="250">
      <marc:subfield code="a">1. Auflage</marc:subfield>
   </marc:datafield>
   <marc:datafield ind1="1" ind2=" " tag="520">
      <marc:subfield code="a">Angaben aus der Verlagsmeldung

Die magische Spieluhr. Band 2 : Cyprians Geheimnis / von Carbone

Kaum aus Pandorient zurückgekehrt, kann Nola es kaum noch erwarten, wieder in die magische Spieluhr zurückzukehren. Bei ihrem nächsten Besuch gerät sie mitten in einen Nationalfeiertag. Die Bürger sind in Jubelstimmung und warten ungeduldig auf die Parade ihres Königs Hektorian. Aber Nola muss sich um etwas dringenderes kümmern: Cyprian, der Sohn des Zauberers Anton, wird erpresst! Wer steckt dahinter? Und mit welchem Ziel?
Welches Kind hat nicht sein eigenes, geheimes Reich, dessen Eingang nur es selbst kennt? Die magische Spieluhr ist ein solcher Ort der Fantasie, der Neugier und des Heldenmuts, wie ihn nur ein Kinderherz erträumen kann. Dabei bleibt Pandorient natürlich bloß ein Traum. Oder doch mehr?
</marc:subfield>
   </marc:datafield>
   <marc:datafield ind1=" " ind2=" " tag="020">
      <marc:subfield code="a">9783958399877</marc:subfield>
      <marc:subfield code="9">9783958399877</marc:subfield>
   </marc:datafield>
   <marc:datafield ind1=" " ind2=" " tag="020">
      <marc:subfield code="a">3958399878</marc:subfield>
      <marc:subfield code="9">3958399878</marc:subfield>
   </marc:datafield>
   <marc:datafield ind1=" " ind2=" " tag="041">
      <marc:subfield code="a">ger</marc:subfield>
   </marc:datafield>
   <marc:datafield ind1=" " ind2=" " tag="300">
      <marc:subfield code="a">56 Seiten</marc:subfield>
   </marc:datafield>
</marc:record>
